000 00303nam a22001457a 4500
008 230720b ||||| |||| 00| 0 eng d
020 _a76179913
041 _aeng
080 _a521
082 _a521
100 _a19
101 _aASTRO
245 _aVARIABLE STARS
_cSTROHMEIER.W
942 _2udc
_cBK
999 _c60189
_d60189